| 000 | 01599nam a22003977a 4500 | ||
|---|---|---|---|
| 003 | CHAP | ||
| 005 | 20230911124125.0 | ||
| 008 | 091215s2009 mx a r 00010 spa d | ||
| 010 | _a97235 | ||
| 011 | _a98207 | ||
| 035 | _a108891 | ||
| 040 | _cCHAP | ||
| 090 | _aTesis | ||
| 100 | 1 |
_aZamora Macorra, Erika janet _9123519 |
|
| 245 | 1 | 0 |
_aBiología y daño de la chinche gris (Chelinidea tabulata Burm.) ( Hemiptera: Coreidae) en nopal verdura (Opuntia ficus- indica L.) en Milpa Alta, D.F. _c/por Erika Janet Zamora Macorra |
| 260 |
_aChapingo, Méx. : _bEl autor, _c2009 |
||
| 300 |
_aviii 59 h. : _bcuadros, gráfs. , ilus. |
||
| 502 | _aTesis (Ing. Agr. Esp. en Parasitología Agrícola) -- UACH. Departamento de Parasitología | ||
| 530 | _aTambién disponible en línea | ||
| 590 |
_aALEPH _b10 _c20130110 _lUCH01 _h1531 |
||
| 590 |
_aBATCH-UPD _b10 _c20130110 _lUCH01 _h0913 |
||
| 590 |
_aBATCH-UPD _b10 _c20130410 _lUCH01 _h0538 |
||
| 590 |
_aBATCH-UPD _b10 _c20130914 _lUCH01 _h0920 |
||
| 590 |
_aBATCH-UPD _b10 _c20140324 _lUCH01 _h1513 |
||
| 590 |
_aBATCH-UPD _b10 _c20141002 _lUCH01 _h0841 |
||
| 590 |
_aCONVERSION _b10 _c20130109 _lUCH01 _h1354 |
||
| 650 | 1 | 4 |
_aChelinidea tabulata. _922107 |
| 650 | 1 | 4 |
_aHemípteros. _953511 |
| 650 | 1 | 4 |
_aNopal _zMéxico (D.F.). _981708 |
| 650 | 1 | 7 |
_aOpuntia ficus-indica _2 _983389 |
| 856 |
_3Finding aid _uhttp://10.13.5.2/tesis/108891.pdf _zTeclea aqui |
||
| 901 | _aBK | ||
| 942 | _cFOLL | ||
| 949 |
_aTesis _bBC _cTES _d33724002139876 _eTS1 _gDonaciØn _h49830 _i108891 _sb |
||
| 949 |
_aTesis _bBC _cTES _d33724002139918 _eTS2 _fc.2 _gDonaciØn _h49831 _i108891 _sb |
||
| 999 |
_c97235 _d97235 |
||